| 000 | 01066nam a2200277 i 4500 | ||
|---|---|---|---|
| 001 | 106714 | ||
| 003 | ES-MaACL | ||
| 005 | 20231005165725.0 | ||
| 007 | t| | ||
| 008 | 061219s1972 sp ||||1| spa d | ||
| 080 | _a75 Molinero Ayala, Francisco (083.82) | ||
| 100 | 1 |
_aMolinero Ayala, Francisco. _982000 |
|
| 245 | 1 | 0 |
_aMolinero Ayala _b: [exposición, Ateneo de Madrid, Sala Joven - Prado 21, febrero 1972] / _c[texto: Venancio Sánchez Marín]. |
| 260 |
_aMadrid : _bPublicaciones Españolas, _c1972. |
||
| 300 |
_a[8] p. : _bil. ; _c20 cm. |
||
| 490 | 1 |
_aSerie V, Sala Joven ; _v9 |
|
| 600 | 1 | 4 |
_aMolinero Ayala, Francisco- _vExposiciones. _982001 |
| 610 | 2 | 7 |
_aAteneo de Madrid- _vExposiciones- _y1970-1979. _91921 |
| 655 | 7 |
_2tgfbne _9193628 _aCatálogos de exposiciones |
|
| 700 | 1 |
_aSánchez Marín, Venancio. _9102754 |
|
| 710 | 2 |
_aAteneo de Madrid. _bSala Joven (Prado, 21) _91966 |
|
| 830 | 0 |
_aSerie V, Sala Joven ; _v9 _9185283 |
|
| 852 |
_aES-MaACL _j2211-F-20 _9110768 _bR.138359 _cDEPOF |
||
| 942 |
_2udc _cFOLLETOS |
||
| 999 |
_c106714 _d106714 |
||